Márciusban ismét önkéntes véradás az SZTE-n
Elmentve itt :
| Dokumentumtípus: | Cikk |
|---|---|
| Megjelent: |
2015-03-04
|
| Sorozat: | SZTE Info
|
| Kulcsszavak: | Véradás, Országos Felsőoktatási Véradóverseny, 9., Verseny |
| Online Access: | http://univ.bibl.u-szeged.hu/44089 |
| LEADER | 00580nab a2200157 i 4500 | ||
|---|---|---|---|
| 001 | univ44089 | ||
| 005 | 20180319101136.0 | ||
| 008 | 171214s2015 hu o 0|| zxx d | ||
| 040 | |a SZTE UnivHistória Repozitórium |b hun | ||
| 041 | |a zxx | ||
| 245 | 0 | 0 | |a Márciusban ismét önkéntes véradás az SZTE-n |h [elektronikus dokumentum] |
| 260 | |c 2015-03-04 | ||
| 490 | 0 | |a SZTE Info | |
| 561 | |a Egyetemi hirarchívum | ||
| 695 | |a Véradás, Országos Felsőoktatási Véradóverseny, 9., Verseny | ||
| 856 | 4 | 0 | |u http://univ.bibl.u-szeged.hu/44089/1/szteinfo_2015_03_04_marciusban.pdf |z Dokumentum-elérés |